[Event "Open-1"]
[Site "Katowice"]
[Date "2025.05.31"]
[Round "11.11"]
[White "Suder, Jakub"]
[Black "Budzisz, Adrian"]
[Result "1-0"]
[BlackElo "2106"]
[WhiteElo "2249"]
[LiveChessVersion "1.4.4"]

1. d4 {[%clk 0:10:02]} Nf6 {[%clk 0:10:03]} 2. c4 {[%clk 0:10:03]} e6
{[%clk 0:10:04]} 3. Nc3 {[%clk 0:10:04]} Bb4 {[%clk 0:10:02]} 4. a3
{[%clk 0:10:06]} Bxc3+ {[%clk 0:09:55]} 5. bxc3 {[%clk 0:10:06]} d6
{[%clk 0:09:48]} 6. f3 {[%clk 0:10:05]} Nc6 {[%clk 0:09:37]} 7. e4
{[%clk 0:10:05]} O-O {[%clk 0:09:22]} 8. Bg5 {[%clk 0:10:02]} h6 {[%clk 0:09:22]}
9. Bh4 {[%clk 0:10:02]} e5 {[%clk 0:09:13]} 10. Ne2 {[%clk 0:09:37]} b6
{[%clk 0:09:10]} 11. Nc1 {[%clk 0:09:12]} Re8 {[%clk 0:08:12]} 12. Be2
{[%clk 0:09:00]} Ba6 {[%clk 0:07:54]} 13. Nb3 {[%clk 0:08:55]} exd4
{[%clk 0:04:31]} 14. cxd4 {[%clk 0:08:53]} g5 {[%clk 0:03:55]} 15. Bf2
{[%clk 0:08:38]} d5 {[%clk 0:03:36]} 16. cxd5 {[%clk 0:08:38]} Nxe4
{[%clk 0:02:52]} 17. fxe4 {[%clk 0:08:23]} Rxe4 {[%clk 0:02:54]} 18. Nc1
{[%clk 0:07:49]} Qxd5 {[%clk 0:01:21]} 19. O-O {[%clk 0:07:41]} Bxe2
{[%clk 0:00:43]} 20. Nxe2 {[%clk 0:07:41]} Qc4 {[%clk 0:00:32]} 21. Ng3
{[%clk 0:07:32]} Re6 {[%clk 0:00:23]} 22. d5 {[%clk 0:07:33]} Rd8
{[%clk 0:00:22]} 23. dxe6 {[%clk 0:07:17]} Rxd1 {[%clk 0:00:19]} 24. exf7+
{[%clk 0:07:14]} Qxf7 {[%clk 0:00:16]} 25. Raxd1 {[%clk 0:07:14]} Qb3
{[%clk 0:00:15]} 26. Rc1 {[%clk 0:07:04]} Qa4 {[%clk 0:00:09]} 27. Nf5
{[%clk 0:07:00]} Kh7 {[%clk 0:00:11]} 28. h3 {[%clk 0:06:55]} a5 {[%clk 0:00:09]}
29. Rc3 {[%clk 0:06:49]} Kg6 {[%clk 0:00:09]} 30. Rxc6+ {[%clk 0:06:43]} Kxf5
{[%clk 0:00:11]} 31. Rxc7 {[%clk 0:06:37]} b5 {[%clk 0:00:06]} 32. Rc3
{[%clk 0:06:09]} Kg6 {[%clk 0:00:06]} 33. Rb1 {[%clk 0:06:00]} g4
{[%clk 0:00:07]} 34. hxg4 {[%clk 0:05:57]} b4 35. axb4 {[%clk 0:05:52]} Qa2
{[%clk 0:00:06]} 36. Rd1 {[%clk 0:05:43]} axb4 37. Rc6+ {[%clk 0:05:40]} Kg5
{[%clk 0:00:08]} 38. Rc5+ {[%clk 0:05:38]} Kf6 {[%clk 0:00:06]} 39. Rb5
{[%clk 0:05:27]} Qc4 {[%clk 0:00:06]} 40. Rd6+ {[%clk 0:05:18]} Ke7
{[%clk 0:00:07]} 41. Rdb6 {[%clk 0:05:07]} Qxg4 {[%clk 0:00:08]} 42. Rxb4
{[%clk 0:05:00]} Qd1+ {[%clk 0:00:09]} 43. Kh2 {[%clk 0:04:59]} h5
{[%clk 0:00:07]} 44. Re4+ {[%clk 0:04:55]} Kf7 {[%clk 0:00:06]} 45. Rbb4
{[%clk 0:04:38]} Qd6+ {[%clk 0:00:05]} 46. Bg3 {[%clk 0:04:38]} Qd5
{[%clk 0:00:05]} 47. Rf4+ {[%clk 0:04:37]} Kg7 {[%clk 0:00:04]} 48. Rbd4
{[%clk 0:04:36]} Qb7 {[%clk 0:00:04]} 49. Rfe4 {[%clk 0:04:29]} Kg6
{[%clk 0:00:06]} 50. Rd6+ {[%clk 0:04:26]} Kg7 {[%clk 0:00:06]} 51. Red4
{[%clk 0:04:24]} Qb1 {[%clk 0:00:06]} 52. Rc4 {[%clk 0:04:12]} Qf5
{[%clk 0:00:06]} 53. Rc7+ {[%clk 0:04:12]} Kf6 {[%clk 0:10:02]} 1-0

[Event "Open-1"]
[Site "Katowice"]
[Date "2025.05.31"]
[Round "11.12"]
[White "Golis, Wiktor"]
[Black "Mastrovasilis, Dimitrios"]
[Result "0-1"]
[BlackElo "2517"]
[WhiteElo "2200"]
[LiveChessVersion "1.4.4"]

1. e4 {[%clk 0:10:03]} c5 {[%clk 0:10:02]} 2. Nf3 {[%clk 0:10:03]} e6
{[%clk 0:10:03]} 3. d4 {[%clk 0:10:04]} cxd4 {[%clk 0:10:04]} 4. Nxd4
{[%clk 0:10:04]} a6 {[%clk 0:10:05]} 5. a3 {[%clk 0:10:02]} b5 {[%clk 0:09:57]}
6. a4 {[%clk 0:10:02]} b4 {[%clk 0:09:53]} 7. Bd3 {[%clk 0:10:01]} Bb7
{[%clk 0:09:51]} 8. O-O {[%clk 0:09:55]} Qc7 {[%clk 0:09:46]} 9. Qe2
{[%clk 0:09:47]} Bd6 {[%clk 0:09:00]} 10. h3 {[%clk 0:09:40]} Ne7
{[%clk 0:08:57]} 11. Nd2 {[%clk 0:09:27]} Nbc6 {[%clk 0:07:41]} 12. N4f3
{[%clk 0:07:14]} Ng6 {[%clk 0:06:58]} 13. Nc4 {[%clk 0:06:59]} Bc5
{[%clk 0:06:37]} 14. e5 {[%clk 0:05:28]} O-O {[%clk 0:06:11]} 15. Re1
{[%clk 0:05:01]} Nd4 {[%clk 0:05:33]} 16. Nxd4 {[%clk 0:05:00]} Bxd4
{[%clk 0:05:33]} 17. Qg4 {[%clk 0:02:15]} Bxe5 {[%clk 0:04:17]} 18. Nxe5
{[%clk 0:01:25]} Nxe5 {[%clk 0:04:17]} 19. Qxb4 {[%clk 0:01:18]} Nxd3
{[%clk 0:03:23]} 20. cxd3 {[%clk 0:01:18]} Bd5 {[%clk 0:03:05]} 21. Bf4
{[%clk 0:00:24]} Qc2 {[%clk 0:02:59]} 22. Qd4 {[%clk 0:00:12]} f6
{[%clk 0:02:50]} 23. Rec1 {[%clk 0:00:06]} Qe2 {[%clk 0:02:25]} 24. Bg3
{[%clk 0:00:07]} Rfc8 {[%clk 0:02:14]} 25. b4 {[%clk 0:00:05]} Qd2
{[%clk 0:01:22]} 26. Qe3 {[%clk 0:00:03]} Qxb4 {[%clk 0:01:12]} 27. Rcb1
{[%clk 0:00:03]} Qc3 {[%clk 0:01:07]} 28. a5 {[%clk 0:00:04]} Qc5
{[%clk 0:00:53]} 29. Qd2 {[%clk 0:00:04]} Qd4 {[%clk 0:00:47]} 30. Ra3
{[%clk 0:00:03]} Bc6 {[%clk 0:00:36]} 31. Kh2 {[%clk 0:00:03]} Qd5
{[%clk 0:00:37]} 32. f3 {[%clk 0:00:04]} Bb5 {[%clk 0:00:36]} 33. Rab3
{[%clk 0:00:03]} Rc6 {[%clk 0:00:37]} 34. d4 {[%clk 0:00:04]} Rac8
{[%clk 0:00:38]} 35. h4 {[%clk 0:00:03]} Rc2 {[%clk 0:00:38]} 36. Qf4
{[%clk 0:00:04]} Re2 {[%clk 0:00:35]} 37. R3b2 {[%clk 0:00:04]} Rcc2
{[%clk 0:00:34]} 38. Rxc2 {[%clk 0:00:05]} Rxc2 {[%clk 0:00:35]} 39. Qe3
{[%clk 0:00:04]} h6 {[%clk 0:00:34]} 40. Rc1 {[%clk 0:00:04]} Rxc1
{[%clk 0:00:32]} 41. Qxc1 {[%clk 0:00:05]} Qxd4 {[%clk 0:00:32]} 42. Qc8+
{[%clk 0:00:06]} Kf7 {[%clk 0:00:29]} 43. Qc7 {[%clk 0:00:04]} e5
{[%clk 0:00:24]} 44. Qb8 {[%clk 0:00:03]} Qc3 {[%clk 0:00:22]} 45. Qd8
{[%clk 0:00:03]} Qc5 {[%clk 0:00:20]} 46. h5 {[%clk 0:00:04]} e4 {[%clk 0:00:18]}
47. fxe4 {[%clk 0:00:04]} Qxh5+ {[%clk 0:00:19]} 48. Kg1 {[%clk 0:00:05]} Qd1+
{[%clk 0:00:18]} 49. Kh2 {[%clk 0:00:06]} Qe2 {[%clk 0:00:14]} 50. Qa8
{[%clk 0:00:06]} Bc6 {[%clk 0:00:14]} 51. Qa7 {[%clk 0:00:05]} Qxe4
{[%clk 0:00:13]} 0-1

[Event "Open-1"]
[Site "Katowice"]
[Date "2025.05.31"]
[Round "11.13"]
[White "Heberla, Bartlomiej"]
[Black "Cieslak, Patryk"]
[Result "1-0"]
[BlackElo "2220"]
[WhiteElo "2462"]
[LiveChessVersion "1.4.4"]

1. d4 {[%clk 0:09:21]} d6 {[%clk 0:09:50]} 2. e4 {[%clk 0:09:15]} Nf6
{[%clk 0:09:51]} 3. Bd3 {[%clk 0:09:16]} e5 {[%clk 0:09:50]} 4. c3
{[%clk 0:09:17]} d5 {[%clk 0:09:34]} 5. dxe5 {[%clk 0:09:05]} Nxe4
{[%clk 0:09:35]} 6. Nf3 {[%clk 0:08:43]} Nc5 {[%clk 0:09:09]} 7. Bc2
{[%clk 0:08:36]} Be7 {[%clk 0:09:07]} 8. Nbd2 {[%clk 0:08:24]} O-O
{[%clk 0:08:59]} 9. Nb3 {[%clk 0:08:23]} Nxb3 {[%clk 0:08:05]} 10. axb3
{[%clk 0:08:23]} c5 {[%clk 0:07:50]} 11. h4 {[%clk 0:06:45]} f5 {[%clk 0:06:36]}
12. b4 {[%clk 0:05:54]} b6 {[%clk 0:05:17]} 13. Bg5 {[%clk 0:04:47]} Be6
{[%clk 0:04:34]} 14. O-O {[%clk 0:04:38]} h6 {[%clk 0:04:28]} 15. Bxe7
{[%clk 0:04:22]} Qxe7 {[%clk 0:04:28]} 16. bxc5 {[%clk 0:04:04]} bxc5
{[%clk 0:04:28]} 17. Ba4 {[%clk 0:04:01]} Rc8 {[%clk 0:03:56]} 18. b4
{[%clk 0:03:44]} a5 {[%clk 0:02:23]} 19. bxc5 {[%clk 0:03:36]} Rxc5
{[%clk 0:02:16]} 20. Rb1 {[%clk 0:03:20]} Nc6 {[%clk 0:00:49]} 21. Qd3
{[%clk 0:02:55]} Rc8 {[%clk 0:00:23]} 22. Rb6 {[%clk 0:02:42]} Nd8
{[%clk 0:00:18]} 23. Rc1 {[%clk 0:01:12]} Qc7 {[%clk 0:00:12]} 24. Rd6
{[%clk 0:01:06]} Qe7 {[%clk 0:00:03]} 25. Nd4 {[%clk 0:01:03]} Bf7
{[%clk 0:00:04]} 26. Qg3 {[%clk 0:00:44]} f4 {[%clk 0:00:03]} 27. Qxf4
{[%clk 0:00:25]} Rxc3 {[%clk 0:00:04]} 28. Rxc3 {[%clk 0:00:24]} Rxc3
{[%clk 0:00:05]} 29. Nf5 {[%clk 0:00:23]} Qc7 {[%clk 0:00:05]} 30. Rd7
{[%clk 0:00:12]} Qb8 {[%clk 0:00:06]} 31. Qg4 {[%clk 0:00:10]} Ne6
{[%clk 0:00:07]} 32. Nxh6+ {[%clk 0:00:10]} Kh7 {[%clk 0:00:03]} 33. Nxf7
{[%clk 0:00:10]} Rc1+ {[%clk 0:00:04]} 34. Kh2 {[%clk 0:00:11]} Qxe5+
{[%clk 0:00:05]} 35. Nxe5 {[%clk 0:00:12]} 1-0

[Event "Open-1"]
[Site "Katowice"]
[Date "2025.05.31"]
[Round "11.14"]
[White "Kokoszczynski, Jan"]
[Black "Seemann, Jakub"]
[Result "1-0"]
[BlackElo "2392"]
[WhiteElo "2196"]
[LiveChessVersion "1.4.4"]

1. d4 {[%clk 0:10:03]} d5 2. c4 {[%clk 0:10:02]} dxc4 {[%clk 0:10:01]} 3. e3
{[%clk 0:10:02]} Nf6 {[%clk 0:09:42]} 4. Bxc4 {[%clk 0:09:59]} e6
{[%clk 0:09:42]} 5. Nf3 {[%clk 0:10:00]} a6 {[%clk 0:09:42]} 6. O-O
{[%clk 0:09:57]} c5 {[%clk 0:09:43]} 7. b3 {[%clk 0:09:40]} Nbd7 {[%clk 0:09:35]}
8. Bb2 {[%clk 0:09:40]} b5 {[%clk 0:09:33]} 9. Be2 {[%clk 0:09:41]} Bb7
{[%clk 0:09:34]} 10. a4 {[%clk 0:09:42]} b4 {[%clk 0:09:24]} 11. Nbd2
{[%clk 0:09:43]} Be7 {[%clk 0:09:22]} 12. Nc4 {[%clk 0:09:44]} O-O
{[%clk 0:09:19]} 13. Rc1 {[%clk 0:09:28]} cxd4 {[%clk 0:09:04]} 14. Nxd4
{[%clk 0:09:03]} Nc5 {[%clk 0:09:05]} 15. Bf3 {[%clk 0:09:02]} Nd5
{[%clk 0:09:06]} 16. Qc2 {[%clk 0:08:54]} Rc8 {[%clk 0:08:38]} 17. Rfd1
{[%clk 0:08:53]} Qc7 {[%clk 0:08:39]} 18. Nf5 {[%clk 0:08:29]} exf5
{[%clk 0:06:35]} 19. Bxd5 {[%clk 0:08:29]} Bxd5 {[%clk 0:06:34]} 20. Rxd5
{[%clk 0:08:30]} g6 {[%clk 0:06:35]} 21. g3 {[%clk 0:06:06]} Rfd8
{[%clk 0:06:30]} 22. Rxd8+ {[%clk 0:05:44]} Rxd8 {[%clk 0:06:30]} 23. Bd4
{[%clk 0:05:40]} Rd5 {[%clk 0:04:05]} 24. Nb2 {[%clk 0:04:40]} Qd7
{[%clk 0:03:52]} 25. Bxc5 {[%clk 0:03:26]} Rxc5 {[%clk 0:02:08]} 26. Nc4
{[%clk 0:03:26]} h5 {[%clk 0:02:06]} 27. Rd1 {[%clk 0:03:12]} Qc6
{[%clk 0:02:07]} 28. h4 {[%clk 0:02:50]} Qf3 {[%clk 0:01:42]} 29. Rd7
{[%clk 0:02:46]} Bf6 {[%clk 0:01:26]} 30. Qd1 {[%clk 0:02:46]} Qe4
{[%clk 0:00:11]} 31. Qd3 {[%clk 0:02:00]} Qxd3 {[%clk 0:00:05]} 32. Rxd3
{[%clk 0:02:01]} Rc6 {[%clk 0:00:05]} 33. Rd7 {[%clk 0:01:53]} Kf8
{[%clk 0:00:04]} 34. Kf1 {[%clk 0:01:55]} Ke8 {[%clk 0:00:05]} 35. Rb7
{[%clk 0:01:54]} Be7 {[%clk 0:00:04]} 36. Ke2 {[%clk 0:01:48]} f6
{[%clk 0:00:05]} 37. Kd3 {[%clk 0:01:42]} g5 {[%clk 0:00:06]} 38. Kd4
{[%clk 0:01:29]} gxh4 {[%clk 0:00:06]} 39. gxh4 {[%clk 0:01:30]} Re6
{[%clk 0:00:08]} 40. f4 {[%clk 0:01:11]} Re4+ {[%clk 0:00:04]} 41. Kd5
{[%clk 0:01:11]} Kd8 {[%clk 0:00:05]} 42. Ra7 {[%clk 0:01:08]} Bf8
{[%clk 0:00:04]} 43. Rxa6 {[%clk 0:01:00]} Be7 {[%clk 0:00:05]} 44. Re6
{[%clk 0:00:58]} 1-0

[Event "Open-1"]
[Site "Katowice"]
[Date "2025.05.31"]
[Round "11.15"]
[White "Psyk, Radoslaw"]
[Black "Rudzinska, Michalina"]
[Result "1-0"]
[BlackElo "2215"]
[WhiteElo "2317"]
[LiveChessVersion "1.4.4"]

1. e4 {[%clk 0:10:03]} c6 {[%clk 0:10:03]} 2. d4 {[%clk 0:10:03]} d5
{[%clk 0:10:04]} 3. exd5 {[%clk 0:10:03]} cxd5 {[%clk 0:10:04]} 4. Bd3
{[%clk 0:10:04]} Nc6 {[%clk 0:10:02]} 5. c3 {[%clk 0:10:05]} e5 {[%clk 0:10:02]}
6. dxe5 {[%clk 0:09:56]} Nxe5 {[%clk 0:10:03]} 7. Qe2 {[%clk 0:09:36]} Qe7
{[%clk 0:10:00]} 8. Bb5+ {[%clk 0:08:54]} Bd7 {[%clk 0:10:00]} 9. Bxd7+
{[%clk 0:08:38]} Kxd7 {[%clk 0:09:53]} 10. Be3 {[%clk 0:08:17]} Nf6
{[%clk 0:08:17]} 11. Nd2 {[%clk 0:08:02]} Neg4 {[%clk 0:07:04]} 12. Nf1
{[%clk 0:03:48]} Nxe3 {[%clk 0:06:22]} 13. Nxe3 {[%clk 0:03:49]} Rd8
{[%clk 0:05:58]} 14. Nf3 {[%clk 0:03:45]} Kc8 {[%clk 0:05:46]} 15. O-O-O
{[%clk 0:03:36]} Qc5 {[%clk 0:04:40]} 16. Nd4 {[%clk 0:03:07]} g6
{[%clk 0:04:24]} 17. Qf3 {[%clk 0:02:57]} Bg7 {[%clk 0:04:22]} 18. Rd3
{[%clk 0:02:45]} Rd7 {[%clk 0:03:39]} 19. Rhd1 {[%clk 0:02:43]} Rhd8
{[%clk 0:03:34]} 20. Kb1 {[%clk 0:02:41]} Kb8 {[%clk 0:03:25]} 21. g4
{[%clk 0:02:15]} Qb6 {[%clk 0:02:06]} 22. h4 {[%clk 0:01:34]} Ka8
{[%clk 0:01:39]} 23. g5 {[%clk 0:01:25]} Ne8 {[%clk 0:01:11]} 24. Nb3
{[%clk 0:01:02]} Nc7 {[%clk 0:01:12]} 25. Nxd5 {[%clk 0:00:57]} Nxd5
{[%clk 0:00:52]} 26. Rxd5 {[%clk 0:00:58]} Rxd5 {[%clk 0:00:10]} 27. Rxd5
{[%clk 0:00:59]} Rxd5 {[%clk 0:00:08]} 28. Qxd5 {[%clk 0:01:00]} Qc7
{[%clk 0:00:07]} 29. Nc5 {[%clk 0:00:43]} Qe7 {[%clk 0:00:05]} 30. Qe4
{[%clk 0:00:29]} Qxe4+ {[%clk 0:00:04]} 31. Nxe4 {[%clk 0:00:30]} Be5
{[%clk 0:00:04]} 32. Kc2 {[%clk 0:00:25]} Kb8 {[%clk 0:00:05]} 33. Kd3
{[%clk 0:00:26]} Kc7 {[%clk 0:00:06]} 34. Ke3 {[%clk 0:00:27]} Kc6
{[%clk 0:00:06]} 35. f4 {[%clk 0:00:27]} Bg7 {[%clk 0:00:06]} 36. b3
{[%clk 0:00:23]} h5 {[%clk 0:00:06]} 37. c4 {[%clk 0:00:21]} b5 {[%clk 0:00:05]}
38. cxb5+ {[%clk 0:00:22]} Kxb5 {[%clk 0:00:05]} 39. Nd6+ {[%clk 0:00:15]} Kb4
{[%clk 0:00:06]} 40. Nxf7 {[%clk 0:00:15]} Ka3 {[%clk 0:00:07]} 41. Ne5
{[%clk 0:00:08]} Kxa2 {[%clk 0:00:07]} 42. Nxg6 {[%clk 0:00:09]} Kxb3
{[%clk 0:00:06]} 43. f5 {[%clk 0:00:10]} Bc3 {[%clk 0:00:04]} 44. f6
{[%clk 0:00:07]} a5 {[%clk 0:00:05]} 45. f7 {[%clk 0:00:08]} Bb4 {[%clk 0:00:05]}
46. f8=Q Bxf8 {[%clk 0:00:05]} 47. Nxf8 {[%clk 0:00:08]} a4 {[%clk 0:00:06]} 48.
g6 {[%clk 0:00:09]} a3 {[%clk 0:00:07]} 49. g7 {[%clk 0:00:10]} 1-0

[Event "Open-1"]
[Site "Katowice"]
[Date "2025.05.31"]
[Round "11.16"]
[White "Kubik, Rafal"]
[Black "Grot, Blazej"]
[Result "1/2-1/2"]
[BlackElo "2276"]
[WhiteElo "2181"]
[LiveChessVersion "1.4.4"]

1. e4 {[%clk 0:10:01]} c5 {[%clk 0:10:03]} 2. Nf3 {[%clk 0:10:02]} e6
{[%clk 0:10:05]} 3. d4 {[%clk 0:10:03]} cxd4 {[%clk 0:10:06]} 4. Nxd4
{[%clk 0:10:04]} Nc6 {[%clk 0:10:07]} 5. Nc3 {[%clk 0:10:05]} Qc7
{[%clk 0:10:08]} 6. Be3 {[%clk 0:10:06]} a6 {[%clk 0:10:09]} 7. Qf3
{[%clk 0:10:07]} Nf6 {[%clk 0:10:10]} 8. O-O-O {[%clk 0:10:06]} Ne5
{[%clk 0:10:11]} 9. Qg3 {[%clk 0:10:07]} b5 {[%clk 0:10:12]} 10. f4
{[%clk 0:10:08]} Neg4 {[%clk 0:10:12]} 11. Bd2 {[%clk 0:10:03]} h5
{[%clk 0:10:10]} 12. e5 {[%clk 0:09:31]} b4 {[%clk 0:10:07]} 13. exf6
{[%clk 0:08:54]} bxc3 {[%clk 0:10:07]} 14. Bxc3 {[%clk 0:08:13]} Nxf6
{[%clk 0:10:03]} 15. Bd3 {[%clk 0:07:44]} h4 {[%clk 0:09:33]} 16. Qf2
{[%clk 0:07:18]} Rb8 {[%clk 0:08:14]} 17. Nb3 {[%clk 0:07:07]} Nd5
{[%clk 0:06:57]} 18. Bd2 {[%clk 0:06:13]} Bb4 {[%clk 0:06:10]} 19. Bxb4
{[%clk 0:05:37]} Rxb4 {[%clk 0:06:10]} 20. f5 {[%clk 0:05:20]} Qf4+
{[%clk 0:05:06]} 21. Qxf4 {[%clk 0:05:20]} Nxf4 {[%clk 0:05:07]} 22. fxe6
{[%clk 0:05:08]} fxe6 {[%clk 0:04:34]} 23. g3 {[%clk 0:04:54]} hxg3
{[%clk 0:03:06]} 24. hxg3 {[%clk 0:04:55]} Nxd3+ {[%clk 0:03:07]} 25. cxd3
{[%clk 0:04:56]} O-O {[%clk 0:03:04]} 26. Rhf1 {[%clk 0:04:38]} Rg4
{[%clk 0:02:50]} 27. Rxf8+ {[%clk 0:04:39]} Kxf8 {[%clk 0:02:51]} 28. Rf1+
{[%clk 0:04:40]} Ke7 29. Rf3 {[%clk 0:04:41]} Bb7 {[%clk 0:02:50]} 30. Re3
{[%clk 0:04:42]} Bd5 {[%clk 0:02:47]} 31. Nd2 {[%clk 0:04:15]} a5
{[%clk 0:02:29]} 32. a3 {[%clk 0:04:11]} Kd6 {[%clk 0:02:24]} 33. Kc2
{[%clk 0:04:10]} Kc5 {[%clk 0:01:15]} 34. Kc3 {[%clk 0:04:10]} Kb5
{[%clk 0:01:05]} 35. d4 {[%clk 0:03:38]} Rg5 {[%clk 0:01:04]} 36. b3
{[%clk 0:03:13]} a4 {[%clk 0:01:04]} 37. bxa4+ {[%clk 0:02:55]} Kxa4
{[%clk 0:01:05]} 38. Nc4 {[%clk 0:02:56]} Bxc4 {[%clk 0:00:53]} 39. Kxc4
{[%clk 0:02:57]} Rg4 {[%clk 0:00:19]} 40. Kc5 {[%clk 0:02:54]} Rg5+
{[%clk 0:00:19]} 41. Kc4 {[%clk 0:02:48]} Rg4 {[%clk 0:00:20]} 1/2-1/2

[Event "Open-1"]
[Site "Katowice"]
[Date "2025.05.31"]
[Round "11.17"]
[White "Golenia, Jan"]
[Black "Ugorek, Kacper"]
[Result "1/2-1/2"]
[BlackElo "2271"]
[WhiteElo "2158"]
[LiveChessVersion "1.4.4"]

1. d4 {[%clk 0:10:00]} d5 2. c4 {[%clk 0:09:58]} e6 {[%clk 0:09:59]} 3. Nf3
{[%clk 0:09:59]} Nf6 {[%clk 0:09:59]} 4. cxd5 {[%clk 0:10:00]} exd5
{[%clk 0:09:59]} 5. Nc3 {[%clk 0:10:01]} c6 {[%clk 0:09:57]} 6. Qc2
{[%clk 0:10:01]} g6 {[%clk 0:09:55]} 7. Bg5 {[%clk 0:10:02]} Be7 {[%clk 0:09:44]}
8. e4 {[%clk 0:10:03]} dxe4 {[%clk 0:09:21]} 9. Bxf6 {[%clk 0:10:03]} Bxf6
{[%clk 0:09:21]} 10. Qxe4+ {[%clk 0:10:03]} Kf8 {[%clk 0:09:02]} 11. Bc4
{[%clk 0:09:50]} Bf5 {[%clk 0:08:56]} 12. Qf4 {[%clk 0:09:30]} Kg7
{[%clk 0:08:53]} 13. O-O {[%clk 0:09:27]} h5 {[%clk 0:08:32]} 14. Rfe1
{[%clk 0:08:02]} Nd7 {[%clk 0:08:25]} 15. Rad1 {[%clk 0:07:52]} Nb6
{[%clk 0:08:21]} 16. Bb3 {[%clk 0:07:53]} Re8 {[%clk 0:07:47]} 17. Ne5
{[%clk 0:06:26]} Bxe5 {[%clk 0:07:24]} 18. dxe5 {[%clk 0:06:20]} Qe7
{[%clk 0:07:21]} 19. Ne4 {[%clk 0:05:30]} Bxe4 {[%clk 0:06:28]} 20. Qxe4
{[%clk 0:05:23]} Rad8 {[%clk 0:05:56]} 21. f4 {[%clk 0:05:24]} Rxd1
{[%clk 0:04:35]} 22. Rxd1 {[%clk 0:05:25]} Rd8 {[%clk 0:04:35]} 23. Rxd8
{[%clk 0:04:48]} Qxd8 {[%clk 0:04:36]} 24. f5 {[%clk 0:03:39]} Qd2
{[%clk 0:03:40]} 25. f6+ {[%clk 0:03:15]} Kf8 {[%clk 0:03:08]} 26. h3
{[%clk 0:03:15]} Nd5 {[%clk 0:02:46]} 27. Bxd5 {[%clk 0:02:40]} cxd5
{[%clk 0:02:43]} 28. Qf3 {[%clk 0:02:26]} Qd4+ {[%clk 0:02:36]} 29. Kh1
{[%clk 0:02:26]} Qxe5 {[%clk 0:02:30]} 30. Qa3+ {[%clk 0:02:27]} Kg8
{[%clk 0:02:06]} 31. Qe7 {[%clk 0:02:28]} Qe6 {[%clk 0:01:54]} 32. b3
{[%clk 0:02:12]} Kh7 {[%clk 0:01:17]} 33. Qxb7 {[%clk 0:02:12]} Qxf6
{[%clk 0:01:15]} 34. Qxd5 {[%clk 0:02:12]} Kg7 {[%clk 0:00:58]} 35. a4
{[%clk 0:02:09]} Qf1+ {[%clk 0:00:54]} 36. Kh2 {[%clk 0:02:10]} Qf4+
{[%clk 0:00:55]} 37. Kh1 {[%clk 0:02:10]} Qc1+ {[%clk 0:00:46]} 38. Kh2
{[%clk 0:02:11]} Qc7+ {[%clk 0:00:45]} 39. Kh1 {[%clk 0:02:10]} a5
{[%clk 0:00:42]} 40. Qd4+ {[%clk 0:02:07]} f6 {[%clk 0:00:35]} 41. b4
{[%clk 0:02:03]} Qc1+ {[%clk 0:00:20]} 1/2-1/2

[Event "Open-1"]
[Site "Katowice"]
[Date "2025.05.31"]
[Round "11.18"]
[White "Babiarz, Arkadiusz"]
[Black "Radzimski, Antoni"]
[Result "0-1"]
[BlackElo "2243"]
[WhiteElo "2115"]
[LiveChessVersion "1.4.4"]

1. e4 {[%clk 0:10:03]} e5 {[%clk 0:10:03]} 2. Nf3 {[%clk 0:10:04]} Nc6
{[%clk 0:10:04]} 3. Nc3 {[%clk 0:10:05]} Nf6 {[%clk 0:10:04]} 4. d4
{[%clk 0:10:05]} exd4 {[%clk 0:10:01]} 5. Nxd4 {[%clk 0:10:06]} Bb4
{[%clk 0:10:00]} 6. Nxc6 {[%clk 0:10:07]} bxc6 {[%clk 0:10:01]} 7. Bd3
{[%clk 0:10:07]} d5 {[%clk 0:10:00]} 8. exd5 {[%clk 0:10:08]} O-O
{[%clk 0:10:00]} 9. O-O {[%clk 0:10:08]} cxd5 {[%clk 0:09:54]} 10. h3
{[%clk 0:10:08]} c6 {[%clk 0:09:54]} 11. Qf3 {[%clk 0:10:09]} Bd6
{[%clk 0:09:51]} 12. Bf4 {[%clk 0:09:51]} Rb8 {[%clk 0:09:35]} 13. b3
{[%clk 0:09:52]} Qc7 {[%clk 0:09:17]} 14. Ne2 {[%clk 0:09:52]} c5
{[%clk 0:08:40]} 15. Bxd6 {[%clk 0:08:09]} Qxd6 {[%clk 0:08:40]} 16. Qg3
{[%clk 0:08:10]} Qb6 {[%clk 0:08:18]} 17. Nf4 {[%clk 0:07:21]} Bb7
{[%clk 0:08:14]} 18. Rfe1 {[%clk 0:07:21]} Rbe8 {[%clk 0:08:10]} 19. Re2
{[%clk 0:05:19]} Rxe2 {[%clk 0:08:02]} 20. Bxe2 {[%clk 0:05:20]} Ne4
{[%clk 0:07:54]} 21. Qd3 {[%clk 0:04:52]} Qf6 {[%clk 0:07:50]} 0-1

[Event "Open-1"]
[Site "Katowice"]
[Date "2025.05.31"]
[Round "11.19"]
[White "Mis, Mieszko"]
[Black "Jarocka, Liwia"]
[Result "1-0"]
[BlackElo "2163"]
[WhiteElo "2239"]
[LiveChessVersion "1.4.4"]

1. Nf3 {[%clk 0:10:02]} Nf6 {[%clk 0:10:03]} 2. c4 {[%clk 0:10:02]} e6
{[%clk 0:10:03]} 3. g3 {[%clk 0:10:03]} d5 {[%clk 0:10:03]} 4. Bg2
{[%clk 0:10:03]} Nc6 {[%clk 0:10:01]} 5. cxd5 {[%clk 0:09:50]} exd5
{[%clk 0:10:02]} 6. d4 {[%clk 0:09:50]} Bd6 {[%clk 0:09:43]} 7. Nc3
{[%clk 0:09:40]} h6 {[%clk 0:09:31]} 8. O-O {[%clk 0:09:36]} O-O {[%clk 0:09:31]}
9. Bf4 {[%clk 0:08:37]} Ne7 {[%clk 0:09:20]} 10. Ne5 {[%clk 0:08:28]} c6
{[%clk 0:09:20]} 11. Rc1 {[%clk 0:08:11]} Bf5 {[%clk 0:09:01]} 12. Qb3
{[%clk 0:08:05]} Rb8 {[%clk 0:08:57]} 13. a3 {[%clk 0:07:25]} Ng6
{[%clk 0:08:50]} 14. Nxg6 {[%clk 0:07:11]} Bxg6 {[%clk 0:08:50]} 15. Bxd6
{[%clk 0:06:23]} Qxd6 {[%clk 0:08:50]} 16. e3 {[%clk 0:06:12]} Qe7
{[%clk 0:08:47]} 17. Na4 {[%clk 0:06:05]} Ne4 {[%clk 0:08:42]} 18. Rfd1
{[%clk 0:05:54]} Rfe8 {[%clk 0:08:38]} 19. Nc5 {[%clk 0:05:45]} h5
{[%clk 0:08:09]} 20. Nd3 {[%clk 0:05:44]} h4 {[%clk 0:07:58]} 21. Nf4
{[%clk 0:04:48]} Bf5 {[%clk 0:07:43]} 22. Re1 {[%clk 0:04:38]} g5
{[%clk 0:07:18]} 23. Nd3 {[%clk 0:04:35]} hxg3 {[%clk 0:06:43]} 24. hxg3
{[%clk 0:04:35]} Kg7 {[%clk 0:06:32]} 25. Qd1 {[%clk 0:03:30]} Rh8
{[%clk 0:06:13]} 26. b4 {[%clk 0:03:09]} Nd6 {[%clk 0:05:10]} 27. f3
{[%clk 0:02:57]} Bh3 {[%clk 0:04:50]} 28. Qe2 {[%clk 0:02:24]} Rh7
{[%clk 0:04:09]} 29. e4 {[%clk 0:02:07]} Bxg2 {[%clk 0:03:20]} 30. Qxg2
{[%clk 0:02:07]} Rbh8 {[%clk 0:03:10]} 31. exd5 {[%clk 0:01:52]} Qf6
{[%clk 0:02:54]} 32. Ne5 {[%clk 0:01:53]} cxd5 {[%clk 0:02:18]} 33. Rc7
{[%clk 0:01:53]} Qh6 {[%clk 0:01:36]} 34. Ng4 {[%clk 0:01:41]} Qh1+
{[%clk 0:01:20]} 35. Qxh1 {[%clk 0:01:27]} Rxh1+ {[%clk 0:01:21]} 36. Kf2
{[%clk 0:01:28]} Rxe1 {[%clk 0:01:14]} 37. Kxe1 {[%clk 0:01:29]} Rh1+
{[%clk 0:01:12]} 38. Ke2 {[%clk 0:01:24]} Ra1 {[%clk 0:01:12]} 39. Rd7
{[%clk 0:01:23]} Ra2+ {[%clk 0:01:12]} 40. Kf1 {[%clk 0:01:17]} Nf5
{[%clk 0:01:12]} 41. Ne5 {[%clk 0:01:04]} Nxg3+ {[%clk 0:00:53]} 42. Ke1
{[%clk 0:01:05]} Nf5 {[%clk 0:00:44]} 43. Rxf7+ {[%clk 0:01:05]} Kg8
{[%clk 0:00:42]} 44. Rxf5 {[%clk 0:01:06]} Rxa3 {[%clk 0:00:44]} 45. Rxg5+
{[%clk 0:01:04]} 1-0